| 000 | 00405 a2200145 4500 | ||
|---|---|---|---|
| 999 |
_c2475 _d2475 |
||
| 020 | _a9780869228975 | ||
| 050 | _aHF 5548.32 VIR 2018 | ||
| 100 |
_aViriri, Piason _eauthor |
||
| 245 |
_aE- Business management: _cPiason Viriri |
||
| 264 |
_aGweru: _bMambo Press, _c2018 |
||
| 300 | _axv.334p. : | ||
| 500 | _aincludes bibliographical references. | ||
| 650 | _aManagement | ||
| 942 |
_2lcc _cBK _h5548.32 _iVIR _kHF |
||